Smith & Hogan criminal law : (Record no. 481)

MARC details
000 -LEADER
fixed length control field 01438cam a2200409 a 4500
001 - CONTROL NUMBER
control field 13954558
003 - CONTROL NUMBER IDENTIFIER
control field OSt
005 - DATE AND TIME OF LATEST TRANSACTION
control field 20230606083433.0
008 - FIXED-LENGTH DATA ELEMENTS--GENERAL INFORMATION
fixed length control field 050506s2002 enk 001 0 eng d
010 ## - LIBRARY OF CONGRESS CONTROL NUMBER
LC control number 2005275118
015 ## - NATIONAL BIBLIOGRAPHY NUMBER
National bibliography number GBA2-W2249
020 ## - INTERNATIONAL STANDARD BOOK NUMBER
International Standard Book Number 0406948003
020 ## - INTERNATIONAL STANDARD BOOK NUMBER
International Standard Book Number 0406960208 (ISE ed.)
035 ## - SYSTEM CONTROL NUMBER
System control number (OCoLC)ocm59463521
040 ## - CATALOGING SOURCE
Original cataloging agency UKV3G
Transcribing agency UKV3G
Modifying agency DLC
042 ## - AUTHENTICATION CODE
Authentication code lccopycat
043 ## - GEOGRAPHIC AREA CODE
Geographic area code e-uk-en
082 00 - DEWEY DECIMAL CLASSIFICATION NUMBER
Classification number 345.41
Item number SMI
100 1# - MAIN ENTRY--PERSONAL NAME
Personal name Smith, J. C.
Fuller form of name (John Cyril)
245 10 - TITLE STATEMENT
Title Smith & Hogan criminal law :
Remainder of title cases and materials.
246 3# - VARYING FORM OF TITLE
Title proper/short title Smith and Hogan criminal law
246 30 - VARYING FORM OF TITLE
Title proper/short title Criminal law
250 ## - EDITION STATEMENT
Edition statement 8th ed. /
Remainder of edition statement Sir John Smith.
260 ## - PUBLICATION, DISTRIBUTION, ETC. (IMPRINT)
Place of publication, distribution, etc. London ;
-- Dayton, Ohio :
Name of publisher, distributor, etc. LexisNexis/Butterworths,
Date of publication, distribution, etc. c2002.
300 ## - PHYSICAL DESCRIPTION
Extent liv, 781 p. ;
Dimensions 25 cm.
500 ## - GENERAL NOTE
General note Prev. ed.: Criminal law / J.C. Smith and Brian Hogan. 1992.
504 ## - BIBLIOGRAPHY, ETC. NOTE
Bibliography, etc Includes index.
650 #0 - SUBJECT ADDED ENTRY--TOPICAL TERM
Topical term or geographic name as entry element Criminal law
Geographic subdivision England.
655 #7 - INDEX TERM--GENRE/FORM
Genre/form data or focus term Casebooks (Law)
Source of term lcgft
700 1# - ADDED ENTRY--PERSONAL NAME
Personal name Hogan, Brian,
Dates associated with a name 1932-1996.
700 1# - ADDED ENTRY--PERSONAL NAME
Personal name Smith, J. C.
Fuller form of name (John Cyril).
Title of a work Criminal law.
856 42 - ELECTRONIC LOCATION AND ACCESS
Materials specified Publisher description
Uniform Resource Identifier <a href="http://www.loc.gov/catdir/enhancements/fy0638/2005275118-d.html">http://www.loc.gov/catdir/enhancements/fy0638/2005275118-d.html</a>
856 41 - ELECTRONIC LOCATION AND ACCESS
Materials specified Table of contents only
Uniform Resource Identifier <a href="http://www.loc.gov/catdir/enhancements/fy0638/2005275118-t.html">http://www.loc.gov/catdir/enhancements/fy0638/2005275118-t.html</a>
906 ## - LOCAL DATA ELEMENT F, LDF (RLIN)
a 7
b cbc
c copycat
d 2
e ncip
f 20
g y-gencatlg
942 ## - ADDED ENTRY ELEMENTS (KOHA)
Source of classification or shelving scheme Dewey Decimal Classification
Koha item type Books
Holdings
Withdrawn status Lost status Source of classification or shelving scheme Damaged status Not for loan Home library Current library Date acquired Total Checkouts Full call number Barcode Date last seen Price effective from Koha item type
    Dewey Decimal Classification     Bunge Tower Library Bunge Tower Library 06/06/2023   345.41 SMI 10000453 06/06/2023 06/06/2023 Books
LIBRARY OPENING HOURS

When the Parliament is sitting: 8.00a.m - 7.00p.m or until the house adjourns
Mondays and Fridays and when the House is on Recess:  8.00a.m - 5.00p.m
Closed on Weekends and Public Holidays

Online Public Access Catalog (OPAC)
Website: http://www.parliament.go.ke
Bunge Library: https://libraryir.parliament.go.ke
Contact: library@parliament.go.ke | Tel no: (254-2)2221291 or 2848000 Ext 5043